<?xml version="1.0" encoding="UTF-8"?>
<collection xmlns="http://www.loc.gov/MARC21/slim">
<record>
  <controlfield tag="001">1697</controlfield>
  <datafield tag="088" ind1=" " ind2=" ">
    <subfield code="a">0307</subfield>
  </datafield>
  <datafield tag="650" ind1="1" ind2="7">
    <subfield code="a">Ruby Grigsby Collection</subfield>
  </datafield>
  <datafield tag="520" ind1=" " ind2=" ">
    <subfield code="a">Interior of Saloon, Cordelia (Thompson's Corner Bar) L to R - 3. Albert Peters in front of barÿ ÿ4. Chris Dunbar in front of bar  5. "Pop" Force in front of bar, hand in ????.  6. Henry Schinkel, hand on bar.</subfield>
  </datafield>
  <datafield tag="980" ind1=" " ind2=" ">
    <subfield code="a">43905848739</subfield>
  </datafield>
  <datafield tag="960" ind1=" " ind2=" ">
    <subfield code="a">hc</subfield>
  </datafield>
</record>
</collection>